01724cam a2200301 a 450000100090000000300040000900500170001300800410003001000170007102000310008802000280011903500240014704000440017104300120021505000220022708200240024910000280027324500390030125000120034026000370035230000400038950400510042950508180048052600160129856200060131465100190132085600830133915437261OSt20140311161019.0080903s2009 nyuab b 001 0 eng  a 2008038880 a9780205649167 (alk. paper) a0205649165 (alk. paper) a(OCoLC)ocn209663857 aDLCcDLCdBTCTAdBAKERdC#PdYDXCPdDLC aa------00aDS 33b.M978 200900aM 950222bM95 20091 aMurphey, Rhoads,d1919-12aA history of AsiacMurphey, Rhoads a6th ed. aNew YorkbPearson/Longmancc2009 axxv, 526 p. :bill., maps ;c26 cm. aIncludes bibliographical references and index.0 aPrehistoric Asia -- Asian religions and their cultures -- The traditional societies of Asia -- The civilization of ancient India -- The civilization of ancient China -- Medieval India -- Early and medieval Southeast Asia -- China : a golden age -- Early, classical, and medieval Japan and Korea -- Mughal India and Central Asia -- New imperial splendor in China: the Ming Dynasty -- The West arrives in Asia -- Manchu China and Tokugawa Japan -- The rise of British power in India -- The triumph of imperialism in Asia -- Subjugation, nationalism, and revolution in China and India -- The struggle for Asia, 1920-1945 -- Revival and revolution in Japan and China -- Korea and Southeast Asia in the modern world -- South Asia : independence, political division, and development -- Asia in the twenty-first century. c1210L-1700L e4 0aAsiaxHistory.413Table of contents onlyuhttp://www.loc.gov/catdir/toc/ecip0827/2008038880.html